| 000 | 00493nam a2200157 a 4500 | ||
|---|---|---|---|
| 005 | 20140412111248.0 | ||
| 008 | 010912s19uu xx 00 eng d | ||
| 020 | _a0-7498-0190-5 | ||
| 050 |
_aER _bIm1 1991 |
||
| 100 | _aPawley, Gill | ||
| 245 |
_aI'm a rainbow guide / _cwritten by Gill Pawley, illustrated by Helen Herbert. |
||
| 260 |
_aManchester : _bThe World International Publishing Limited, _c1991. |
||
| 300 | _a1 v. (unp.) ; ill. | ||
| 650 | _aChildren's stories | ||
| 999 |
_c103010 _d103010 |
||